Berlin or Bern? - Statistics

General Stats
  • This quiz has been taken 137 times
  • The average score is 10 of 15
Answer Stats
Question Answer % Correct
Was divided by a wall 1961-1989 Berlin
100%
Is the capital of a European Union member Berlin
93%
Its new airport cost more than 7 billion Euro Berlin
93%
Polar bear Knut of the city's zoo became a media star in 2007 Berlin
93%
Was founded earlier (official year of foundation) Bern
87%
"Lorraine" is one of its neighbourhoods Bern
80%
Is closer to the sea Berlin
73%
Has a metro system Berlin
73%
Parts of the city are a Unesco World Heritage Site both
67%
Its biggest soccer club beat Juventus Turin in the 2018/19 Champions League Bern
53%
Has a bear in its coat of arms both
53%
Several towns and villages in the United States are named after it both
53%
Its parliament building is topped by a dome both
40%
Its rivers discharge into the North Sea both
33%
Has a higher percentage of foreign residents Bern
13%
No matching quizzes found
Score Distribution
Percent of People with Each Score
Percentile by Number Answered
Your Score History
You have not taken this quiz